000 00305nam a22001457a 4500
020 _a0-590-11529-4
082 _a001
_bMAR/C
100 _aMARKLE, SANDRA
245 _aICKY SQUISHY SCIENCE
260 _aUK
_bSCHOLASTIC INC
_c1996
300 _a70
520 _aSCIENCE
650 _aSCIENCE
942 _cBK
999 _c6143
_d6143